000 00441nam a2200145Ia 4500
008 170203s9999 xx 000 0 und d
020 _a9780521170536
245 _aCambridge practice tests for IELTS 2 :
245 _bExamination papers from the University of Cambridge Local Examinations Syndicate /
260 _aCambridge :
260 _bCambridge University Press. 
260 _c2010
300 _a172 pages :
300 _c24 cm.
999 _c305960
_d305960